The Daily Five (Record no. 48995)
| 000 -LEADER | |
|---|---|
| fixed length control field | 00368nam a22001217a 4500 |
| 008 - FIXED-LENGTH DATA ELEMENTS--GENERAL INFORMATION | |
| fixed length control field | 250701b |||||||| |||| 00| 0 eng d |
| 020 ## - INTERNATIONAL STANDARD BOOK NUMBER | |
| International Standard Book Number | 9781571104298 |
| 100 ## - MAIN ENTRY--PERSONAL NAME | |
| Personal name | Gail Boushey (Author), Joan Moser (Author) |
| 9 (RLIN) | 86373 |
| 245 ## - TITLE STATEMENT | |
| Title | The Daily Five |
| 260 ## - PUBLICATION, DISTRIBUTION, ETC. (IMPRINT) | |
| Place of publication, distribution, etc | Canada |
| Name of publisher, distributor, etc | Stenhouse Publishers |
| Date of publication, distribution, etc | 2006 |
| 300 ## - PHYSICAL DESCRIPTION | |
| Extent | 136 pages |
| Other physical details | col. ill. |
| Dimensions | 7.5 x 0.5 x 9.25 inches |
| 942 ## - ADDED ENTRY ELEMENTS (KOHA) | |
| Source of classification or shelving scheme | |
| Withdrawn status | Lost status | Source of classification or shelving scheme | Damaged status | Not for loan | Collection code | Home library | Current library | Date acquired | Total Checkouts | Full call number | Barcode | Date last seen | Price effective from | Koha item type |
|---|---|---|---|---|---|---|---|---|---|---|---|---|---|---|
| Non-Fiction | Asian Hope Siem Reap | Asian Hope Siem Reap | 07/01/2025 | NFIC GAI | 208264 | 07/01/2025 | 07/01/2025 | Book |